|
|
|
|
| LEADER |
00000cab a2200000 ar4500 |
| 001 |
vtls009354077 |
| 003 |
SK-MaSNL |
| 005 |
20260305031507.0 |
| 008 |
081028c2008 xo wr|p|||||||000 b|slo |
| 038 |
|
|
|a PPPK
|
| 040 |
|
|
|a PPPKCL
|b slo
|c PPPKCL
|e AACR2
|
| 041 |
0 |
|
|a slo
|
| 044 |
|
|
|a xo
|c SK
|
| 080 |
|
|
|a 94(439.2)"15/18"
|2 2001
|
| 080 |
|
|
|a 908
|x (437.675)
|x (091)
|2 2001
|
| 080 |
|
|
|a 27-52:904
|2 2001
|
| 100 |
1 |
|
|a Marec, Anton,
|d 1953-2021
|4 aut
|9 112978
|
| 245 |
1 |
0 |
|a Na dávno zabudnutých cestách
|n (1)
|c Anton Marec
|
| 648 |
|
7 |
|a 1268-2008
|2 pppkcl
|9 317945
|
| 650 |
0 |
7 |
|a názvoslovie
|2 pppkcl
|9 452991
|
| 650 |
0 |
7 |
|a záloh spišských miest
|2 pppkcl
|9 1095883
|
| 650 |
0 |
7 |
|a cirkevné pamiatky
|2 pppkcl
|9 29576
|
| 650 |
0 |
7 |
|a obchodné cesty
|2 pppkcl
|9 78804
|
| 650 |
0 |
7 |
|a obce
|2 pppkcl
|9 2935
|
| 651 |
|
7 |
|a Spiš (Slovensko : región)
|2 pppkcl
|9 17692
|
| 651 |
|
7 |
|a Tvarožná (Kežmarok, Slovensko)
|2 pppkcl
|9 54528
|
| 651 |
|
7 |
|a Kežmarok (Slovensko : okres)
|2 pppkcl
|9 51824
|
| 651 |
|
7 |
|a Ruskinovce (Javorina, Slovensko)
|2 pppkcl
|9 54522
|
| 773 |
0 |
|
|t Podtatranské noviny
|g Roč. IL, č. 41 (2008)
|
| 773 |
0 |
8 |
|i Príl.:
|t Ozveny.
|g Č. 7 (2008), s. III
|
| 852 |
|
|
|a PPPK
|b KIS3GCP
|
| 958 |
|
|
|a PL
|
| 999 |
|
|
|c 3316321
|d 3318251
|